Sports Quiz

Random Sports or NBA Quiz
Score 0/200 Timer 20:00
61 Plays Today
Pts Player % Correct
21,065Kobe Bryant
98.7%
19,154Allen Iverson
94.9%
17,812Paul Pierce
93.3%
16,431Tim Duncan
93.1%
16,638Kevin Garnett
93%
18,699Dirk Nowitzki
92.8%
12,993LeBron James
92.4%
5,508Mike James
90.6%
15,276Shaquille O'Neal
90.4%
10,758Jermaine O'Neal
89.3%
16,101Ray Allen
86%
12,219Steve Nash
84.6%
17,341Vince Carter
82.5%
10,649Jason Kidd
79.8%
10,768Carmelo Anthony
79.2%
16,380Tracy McGrady
79%
7,035Dwight Howard
78.3%
6,226Josh Howard
77.5%
9,191Juwan Howard
77.5%
10,697Joe Johnson
73.9%
9,853Gilbert Arenas
72.1%
9,922Dwyane Wade
72%
5,114Ben Wallace
71.7%
11,805Rasheed Wallace
71.7%
5,770Gerald Wallace
71.4%
11,095Chauncey Billups
70.9%
10,219Tony Parker
69.1%
5,028Deron Williams
68.5%
13,284Richard Hamilton
68.4%
7,078Jason Williams
68.2%
5,555Mo Williams
68.1%
11,002Pau Gasol
67.9%
5,827Chris Paul
67.8%
9,139Amar'e Stoudemire
66.3%
5,262Josh Smith
65.6%
4,164J.R. Smith
65.5%
4,257Steve Smith
65.4%
6,519Joe Smith
65.4%
10,310Gary Payton
63.5%
9,196Yao Ming
63.2%
6,957Reggie Miller
62.4%
11,896Andre Miller
62.1%
8,862Mike Miller
62.1%
8,350Brad Miller
62.1%
8,597Chris Bosh
61.4%
10,569Chris Webber
61%
7,982Karl Malone
58.8%
11,364Baron Davis
58.7%
9,545Ricky Davis
58.4%
5,255Antonio Davis
58.3%
7,044Manu Ginobili
57.9%
13,254Shawn Marion
56.2%
15,434Antawn Jamison
54.4%
12,515Mike Bibby
54.4%
9,959Jalen Rose
54.1%
4,401Malik Rose
54%
5,827David West
53.1%
12,852Elton Brand
53.1%
13,081Rashard Lewis
52.9%
4,075David Robinson
52.9%
6,957Glenn Robinson
52.8%
7,234Clifford Robinson
52.7%
11,295Michael Redd
52.5%
10,114Richard Jefferson
51.3%
4,928Al Jefferson
51.2%
12,746Stephon Marbury
50.1%
6,755Eddy Curry
49.4%
Pts Player % Correct
9,252Stephen Jackson
49.3%
6,201Bobby Jackson
49.2%
4,862Jim Jackson
49.2%
12,181Peja Stojakovic
49%
7,511Derek Fisher
47.2%
7,090Grant Hill
47.2%
11,588Antoine Walker
46.9%
12,964Jason Terry
46.7%
6,754Tayshaun Prince
46.1%
7,274Carlos Boozer
46%
7,741Kenyon Martin
45.3%
5,224Kevin Martin
45.2%
4,136Brandon Roy
45.1%
3,920John Stockton
44.3%
11,008Jason Richardson
42.8%
6,885Quentin Richardson
42.7%
10,057Lamar Odom
42.5%
10,446Steve Francis
42.5%
9,722Ron Artest
41.7%
8,862Eddie Jones
41.4%
4,201Damon Jones
41.3%
8,460Zach Randolph
40.3%
7,372Ben Gordon
39.3%
8,074Latrell Sprewell
39%
8,116Tim Thomas
37.7%
7,073Kurt Thomas
37.7%
5,835Kenny Thomas
37.7%
7,646Allan Houston
37.5%
4,413Tyson Chandler
37.2%
10,830Jerry Stackhouse
37%
4,770Alonzo Mourning
36.7%
5,024Danny Granger
36%
11,850Michael Finley
35.9%
4,051Jameer Nelson
35.9%
8,112Caron Butler
35.8%
3,941Rasual Butler
35.6%
6,973Andrei Kirilenko
35.4%
9,070Jamal Crawford
35.3%
6,942Damon Stoudamire
34.9%
10,961Sam Cassell
34.3%
4,496Vlade Divac
33.9%
6,305Andre Iguodala
33.1%
3,967Dikembe Mutombo
32.3%
5,815P.J. Brown
32.1%
8,927Zydrunas Ilgauskas
31.8%
3,971Rudy Gay
31.5%
5,123Luol Deng
31.2%
8,355Hedo Turkoglu
30.6%
6,071Marcus Camby
29.6%
6,097Kirk Hinrich
29%
6,178Derek Anderson
28.4%
10,431Corey Maggette
28.2%
7,379Mehmet Okur
28.1%
4,630Emeka Okafor
27.9%
4,404Udonis Haslem
27.6%
10,553Shareef Abdur-Rahim
26.7%
4,219Devin Harris
26.6%
11,477Cuttino Mobley
26.4%
4,266Nene
26.1%
4,723Kyle Korver
24.9%
5,882Jamal Mashburn
23.7%
4,008Chris Kaman
23.4%
4,880Bruce Bowen
23.2%
4,343Raymond Felton
22.5%
9,364Larry Hughes
21.9%
6,733Antonio McDyess
21.9%
9,965Al Harrington
21.8%
Pts Player % Correct
4,189Othella Harrington
21.7%
4,855Eric Snow
21.4%
4,216Brian Grant
21.3%
9,195Wally Szczerbiak
20.8%
4,025Tony Battie
20.7%
4,834Doug Christie
20.6%
5,456Leandro Barbosa
20%
6,169Shane Battier
19.4%
6,169Raja Bell
19.1%
6,199Nick Van Exel
19%
7,297Morris Peterson
18.4%
6,217Mike Dunleavy
17.8%
4,144Jamaal Tinsley
17.6%
7,071Keith Van Horn
17.5%
4,507Darius Miles
17.3%
7,754Desmond Mason
17.2%
4,242Boris Diaw
17%
6,448Troy Murphy
16.3%
3,982Brendan Haywood
15.9%
5,068Erick Dampier
15.9%
7,116Bonzi Wells
15.7%
4,043Samuel Dalembert
15.4%
6,134Drew Gooden
14.7%
6,203Brent Barry
14.7%
7,237Matt Harpring
14.6%
4,039T.J. Ford
14.6%
7,272David Wesley
14%
4,521Eddie House
13.1%
3,976Luke Ridnour
12.9%
6,372Rafer Alston
12.6%
4,764Jamaal Magloire
12.5%
4,979DeShawn Stevenson
12.3%
6,117Darrell Armstrong
11.4%
4,582Stromile Swift
11.4%
5,875Corliss Williamson
11.2%
6,780James Posey
11.1%
4,094Toni Kukoc
10.8%
7,371Donyell Marshall
10.7%
4,688Lorenzen Wright
10.3%
4,562John Salmons
10.1%
6,888Ruben Patterson
9.7%
5,818Antonio Daniels
9.5%
4,113Lamond Murray
9.3%
4,071Ronald Murray
9.3%
4,436Andres Nocioni
9.1%
4,246Brevin Knight
9.1%
4,635Tyronn Lue
8.9%
4,295Nazr Mohammed
8.9%
4,839Earl Boykins
8.8%
5,348Rasho Nesterovic
8.4%
4,996Vladimir Radmanovic
8.4%
5,524Raef LaFrentz
8.3%
4,374Earl Watson
8.1%
4,301Maurice Taylor
7.8%
3,973Ron Mercer
7.8%
4,941Mark Blount
7.6%
3,919Keyon Dooling
7.3%
4,456Troy Hudson
7.3%
4,570Voshon Lenard
7.1%
3,987Bobby Simmons
7.1%
3,996Bob Sura
7%
4,307Austin Croshere
6.9%
6,702Chucky Atkins
6.9%
4,163Chris Wilcox
6.7%
4,506Rodney Rogers
6.1%
5,201Jeff McInnis
6.1%
Remove Ads.
Support Sporcle.
Get the best of Sporcle when you Go Orange. This ad-free experience offers more features, more stats, and more fun while also helping to support Sporcle. Thank you for becoming a member.

You're not logged in!

Compare scores with friends on all Sporcle quizzes.
OR
Log In

Show Comments

Extras

Top Quizzes Today


Score Distribution

Your Account Isn't Verified!

In order to create a playlist on Sporcle, you need to verify the email address you used during registration. Go to your Sporcle Settings to finish the process.

Report this User

Report this user for behavior that violates our Community Guidelines.

Details: